000 00771nam a2200205 a 4500
003 0
005 20250221145425.0
008 101112s19uu xx 00 eng d
050 _aPHS LB 3605
_b.L51 2010
100 _aLee, Dong Hwan.
245 _aTime management and goal setting skills of Filipino and Korean students /
_cDong Hwan Lee.
260 _aLas PiƱas City, Philippines :
_bSouthville International School and Colleges,
_c2010.
300 _a41 pages :
_billustrations ;
_c30 cm.
504 _aIncludes bibliographical references.
650 _aTime management
_xStudents
_zPhilippines.
650 _aTime management
_xStudents
_zKorea (South).
650 _aGoal (Psychology).
650 _aAcademic achievement
_xCross-cultural studies.
942 _2lcc
_cPASS
999 _c98480
_d98480